书目信息 |
| 题名: |
传记文学理论
|
|
| 作者: | 赵白生 著 | |
| 分册: | ||
| 出版信息: | 北京 北京大学出版社 2003 |
|
| 页数: | 272页 | |
| 开本: | 20cm | |
| 丛书名: | 传记文学研究丛书 | |
| 单 册: | ||
| 中图分类: | I055 | |
| 科图分类: | ||
| 主题词: | 传记文学--文学理论 | |
| 电子资源: | ||
| ISBN: | 7-301-06517-5 | |
| 000 | 00931oam2 2200265 45 | |
| 001 | 002579839 | |
| 005 | 20050408100359.1 | |
| 010 | @a7-301-06517-5@dCNY18.00 | |
| 100 | @a20040213d2003 em y0chiy0110 ea | |
| 101 | 0 | @achi |
| 102 | @aCN@b110000 | |
| 105 | @ay z 000yy | |
| 200 | 1 | @a传记文学理论@Azhuan ji wen xue li lun@f赵白生著@FZhao Bai Sheng Zhu |
| 210 | @a北京@c北京大学出版社@d2003 | |
| 215 | @a272页@d20cm | |
| 225 | 2 | @a传记文学研究丛书@f赵白生主编@v1 |
| 300 | @a北京市社会科学理论著作出版基金资助 北京大学创建世界一流大学计划项目资助 | |
| 330 | @a本书内容包括传记文学的事实理论、传记文学的虚构现象、传记文学的结构原理、传记文学的阐释策略以及传记文学的经典诉求五部分。 | |
| 410 | @1700 0@a赵白生@AZhao Bai Sheng@4主编 | |
| 410 | @12001 @a传记文学研究丛书@v1 | |
| 606 | 0 | @a传记文学@x文学理论 |
| 690 | @aI055@v4 | |
| 701 | 0 | @a赵白生@4著 |
| 801 | 0 | @aCN@bNLC@c20040318 |
| 905 | @b348082-086@dI055@e109@f5 | |
| 传记文学理论/赵白生著.-北京:北京大学出版社,2003 |
| 272页;20cm.-(传记文学研究丛书/赵白生主编;1) |
| 北京市社会科学理论著作出版基金资助 北京大学创建世界一流大学计划项目资助 |
| ISBN 7-301-06517-5:CNY18.00 |
| 本书内容包括传记文学的事实理论、传记文学的虚构现象、传记文学的结构原理、传记文学的阐释策略以及传记文学的经典诉求五部分。 |
| ● |
| 相关链接 |
|
|
|
|
正题名:传记文学理论
索取号:I055/109
 
预约/预借
| 序号 | 登录号 | 条形码 | 馆藏地/架位号 | 状态 | 备注 |
| 1 | 0348082 | 203480820 | 第一样本阅览室/ [索取号:I055/109] | 在馆 | |
| 2 | 0348083 | 203480839 | 第二借阅区/ [索取号:I055/109] | 在馆 | |
| 3 | 0348084 | 203480848 | 第二借阅区/ [索取号:I055/109] | 在馆 | |
| 4 | 0348085 | 203480857 | 第二借阅区/ [索取号:I055/109] | 在馆 | |
| 5 | 0348086 | 203480866 | 第二借阅区/ [索取号:I055/109] | 在馆 | |
| 6 | 0350010 | 3500107 | 第二借阅区/ [索取号:I055/109] | 在馆 | |
| 7 | 0350011 | 3500116 | 第二借阅区/ [索取号:I055/109] | 在馆 | |
| 8 | 0350012 | 3500125 | 第二借阅区/ [索取号:I055/109] | 在馆 | |
| 9 | 0350013 | 3500134 | 第二借阅区/ [索取号:I055/109] | 在馆 | |
| 10 | 0350014 | 3500143 | 第二借阅区/ [索取号:I055/109] | 在馆 |